000
00283nam a22001217a 4500
020
_a
0-7214-0923-7
082
_a
823
_b
MCC/W
100
_a
MCCULLAGH, SHEILA
245
_a
THE WIDEAWAKE MICE FIND A NEW HOME
260
_a
UK
_b
LADYBIRD
650
_a
ENGLISH SHORT STORY
_z
UK
942
_c
BK
999
_c
4133
_d
4133